Statistics for All Cities in the UK (with map)

Click here to take the quiz!

General Stats

  • This quiz has been taken 37 times
  • The average score is 48 of 69

Answers on the Map

Answers color-coded by a green-red scale on the quiz's map according to % correct below.
Loading ...
 

Answer Stats

Answer% Correct
Manchester
100%
City of London
100%
Edinburgh
96%
Cardiff
96%
Portsmouth
96%
Liverpool
96%
Leeds
96%
Belfast
96%
Glasgow
93%
Southampton
93%
Newcastle upon Tyne
93%
Aberdeen
93%
Kingston upon Hull
89%
Brighton and Hove
85%
Inverness
85%
Bristol
85%
Birmingham
85%
Plymouth
81%
Carlisle
81%
Exeter
81%
Sheffield
81%
Cambridge
81%
Swansea
81%
York
78%
Oxford
78%
Norwich
78%
Coventry
78%
Dundee
78%
Derry/Londonderry
78%
Chester
74%
Bath
74%
Nottingham
74%
Leicester
70%
Truro
70%
Derby
70%
Lancaster
67%
Sunderland
67%
Durham
67%
Wolverhampton
67%
Lincoln
67%
Westminster
67%
Gloucester
67%
Stoke-on-Trent
63%
Hereford
63%
Chelmsford
63%
Perth
63%
Stirling
63%
Newport
63%
Bradford
59%
Worcester
59%
Canterbury
59%
St Davids
56%
Preston
56%
Salisbury
56%
Salford
52%
Bangor
52%
Peterborough
52%
Wakefield
48%
Armagh
48%
Chichester
48%
St Albans
44%
Newry
44%
Winchester
41%
Wells
41%
St Asaph
41%
Ely
41%
Lisburn
41%
Ripon
37%
Lichfield
37%

Score Distribution

Percentile by Number Answered

Percent of People with Each Score

Your Score History

You have not taken this quiz